[Event "1.FrauenBL 2016-17"]
[Site "Berlin"]
[Date "2017.04.29"]
[Round "10.8"]
[White "Vidonyak, Nellya"]
[Black "Jelica, Mara"]
[Result "0-1"]
[WhiteElo "2120"]
[BlackElo "2108"]
[Annotator "TA"]
[PlyCount "74"]
[EventDate "2017.??.??"]
[EventType "team-tourn"]
[EventCountry "GER"]
[SourceTitle "playchess.com"]
[Source "ChessBase"]
[SourceQuality "1"]
[WhiteTeam "FC Bayern München"]
[BlackTeam "SF Deizisau"]

{[%evp 6,74,-10,-14,-22,-39,6,-62,-56,-88,-97,-100,-95,-132,-122,-145,-112,-116,-101,-111,-118,-135,-123,-108,-121,-120,-83,-152,-138,-156,-150,-221,-191,-165,-174,-168,-137,-127,-95,-108,-85,-108,-93,-136,-128,-191,-159,-265,-264,-293,-285,-293,-287,-375,-325,-632,-626,-612,-611,-751,-466,-848,-441,-433,-388,-1447,-1357,-29975,-29974,-29996,-29997]} 1. b3 g6 2. Bb2 Nf6 {[%cal Bg8f6,Bf6d5,Bd5b4][%mdl 32]} 3. e4 {[%cal Be2e4,Be4e5][%mdl 32]} Bg7 {A01: Nimzowitsch-Larsen Opening} (3... d6 4. g3 Bg7 5. Bg2 O-O 6. d4 c5 7. dxc5 Qa5+ 8. Qd2 Qxc5 9. c4 Nc6 10. Nc3 Qd4 11. Qxd4 Nxd4 12. O-O-O Ne6 13. h3 Nc5 {½-½ (95) Nakamura,H (2793)-Caruana,F (2787) Saint Louis 2015}) 4. e5 {LiveBook: 5 Games} Nd5 $1 5. c4 Nb4 {Black is slightly better.} 6. Bc3 $146 (6. d4 $11) (6. d4 d6 7. f4 Bf5 8. Na3 dxe5 9. fxe5 N8c6 10. Qd2 a5 {½-½ (60) Oprea,E (2150)-Hutyra,R (1924) Bratislava 2006}) 6... c5 $1 $15 7. e6 {[#]} f6 $1 8. exd7+ Bxd7 (8... Qxd7 9. d4 $11) 9. d4 Bf5 10. Na3 Qa5 11. Nb5 {Hoping for a3.} cxd4 12. Nxd4 {Ngf3 is the strong threat.} Qe5+ 13. Be2 {[#]} Nc2+ $1 {[%mdl 512]} 14. Kf1 {aiming for Ngf3.} (14. Nxc2 Qxc3+) 14... Nxa1 15. Ngf3 Qc5 16. Nxf5 (16. Qxa1 $142 Bd7 17. Nc2) 16... Qxf5 $17 ({Not} 16... gxf5 17. Nd4 O-O 18. Ne6 $16 (18. Qxa1 Qc8 $11)) 17. Nd4 {[#]} Qd7 $1 18. Bf3 (18. Qxa1 $17 Na6 19. b4) 18... Nc6 19. Qxa1 Nxd4 20. Bxd4 O-O 21. h4 Rfd8 22. Bc3 Rac8 23. h5 b5 24. hxg6 hxg6 25. Be2 (25. Ba5 $17) 25... bxc4 $19 26. bxc4 (26. Rh3 $17) 26... Kf7 27. Kg1 Rh8 28. Rxh8 Rxh8 ({But not} 28... Bxh8 29. Bd1 $19) 29. Bf1 Qc7 {[%csl Gh8][%cal Rc7h2]} 30. f3 $2 (30. g3) 30... Bh6 {[%cal Rh6e3]} 31. Bd4 Bf4 {( -> ...Qe5!)} 32. c5 Bg3 33. Qc1 (33. Qc3 $142 Bh2+ 34. Kf2) 33... Qd8 34. Bc4+ Kg7 35. Qe3 $2 (35. Qd2) 35... Rh4 36. Bc3 Rxc4 37. Bd2 {[#]} Rc1+ $1 {[%mdl 512]} 0-1

[Event "1.FrauenBL 2016-17"]
[Site "Berlin"]
[Date "2017.04.29"]
[Round "10.8"]
[White "Steinbacher, Claudia"]
[Black "Heinemann, Josefine"]
[Result "0-1"]
[WhiteElo "2043"]
[BlackElo "2237"]
[Annotator "TA"]
[PlyCount "88"]
[EventDate "2017.??.??"]
[EventType "team-tourn"]
[EventCountry "GER"]
[SourceTitle "playchess.com"]
[Source "ChessBase"]
[SourceQuality "1"]
[WhiteTeam "Rodewischer SM"]
[BlackTeam "OSG Baden-Baden"]

{[%evp 11,88,0,12,-4,-5,-5,-4,-8,-8,-18,5,-44,-11,-14,1,0,15,10,12,13,18,18,10,16,6,12,19,-4,-1,-6,-6,-21,0,0,15,0,0,0,0,0,7,0,14,14,16,13,17,22,25,20,33,0,0,0,0,0,0,0,0,-24,-29,-21,-30,-41,-45,-131,-129,-628,-603,-931,-916,-1195,-1146,-29993,-29991,-29991,-29992,-29992,-29992]} 1. d4 Nf6 2. c4 g6 3. Nc3 d5 4. e3 Bg7 5. Qb3 e6 {D80: Grünfeld: Unusual White 4th moves and 4 Bg5} 6. Nf3 c6 {LiveBook: 4 Games} (6... O-O 7. Be2 b6 8. cxd5 exd5 9. Qa3 Nbd7 10. b4 c6 11. O-O a5 12. Qb3 axb4 13. Qxb4 Ba6 14. Re1 Ne4 15. Bb2 Ndc5 16. Nxe4 dxe4 17. dxc5 bxc5 18. Qxe4 Bxb2 {½-½ (64) Rakhmanov,A (2650)-Jumabayev,R (2607) Moscow 2016}) 7. a4 a5 {The position is equal.} 8. Be2 O-O 9. O-O Na6 10. Ne5 Ne4 $146 {[%cal Bf6e4,Be4d6,Bd6e8][%mdl 32]} (10... Nd7 11. Nxd7 Qxd7 12. Rd1 Qe7 13. Bd2 Rb8 14. Na2 Qc7 {0-1 (54) Timme,K (2138)-Frey,A (2045) Germany 2010}) 11. f3 Nd6 12. c5 Ne8 13. f4 Nb4 14. Na2 Nxa2 15. Rxa2 Nf6 16. Bf3 Nd7 17. Nxd7 Qxd7 18. Bd2 Qc7 19. Rc1 f6 20. Raa1 Kh8 21. Re1 Bd7 22. Rad1 Rfb8 23. Bc3 b6 24. cxb6 Rxb6 25. Qc2 Kg8 26. Qd2 Rbb8 27. Rc1 Bf8 28. e4 Bd6 29. g3 Qb6 30. Kh1 Kg7 31. e5 fxe5 32. fxe5 Be7 33. Rf1 Rf8 34. Bg2 Qb3 35. Ra1 Rxf1+ 36. Bxf1 c5 37. dxc5 Bxc5 38. Qg5 (38. Bd4 $15 Bb4 39. Qe2) 38... Rf8 $17 {[%cal Ba8f8,Bf8f2,Bf2f5][%mdl 32] [#] And now ...d4 would win.} 39. Bd2 $2 {[%mdl 8192]} (39. Bg2 $17) 39... Qxb2 $19 40. Re1 Rf2 41. Qh6+ Kg8 42. Bg5 d4 {Black mates.} 43. Qh3 Bc6+ 44. Kg1 Rf5 0-1

[Event "1.FrauenBL 2016-17"]
[Site "Berlin"]
[Date "2017.04.29"]
[Round "10.9"]
[White "Papp, Petra"]
[Black "Jussupow, Ekaterina"]
[Result "1/2-1/2"]
[WhiteElo "2378"]
[BlackElo "2193"]
[Annotator "TA"]
[PlyCount "36"]
[EventDate "2017.??.??"]
[EventType "team-tourn"]
[EventCountry "GER"]
[SourceTitle "playchess.com"]
[Source "ChessBase"]
[SourceQuality "1"]
[WhiteTeam "SK Schwäbisch Hall"]
[BlackTeam "SG Augsburg"]

{[%evp 19,36,27,42,-49,-45,-54,-49,-76,-72,-139,-150,-177,-59,-1409,-135,-132,-138,-789,1076]} 1. e4 e6 2. d4 d5 3. Nc3 Nc6 4. Nf3 Nf6 5. Bd3 Bb4 6. O-O {C10: French with 3 Nc3: Unusual Black 3rd moves and 3...dxe4} (6. Bg5 dxe4 7. Bxe4 Ne7 8. Bd3 Ned5 9. O-O Nxc3 10. bxc3 Bxc3 11. Rb1 h6 12. Bh4 c6 13. Rb3 Bxd4 14. Bc4 {1-0 (26) Caruana,F (2791)-Jobava,B (2713) Dubai 2014}) 6... Bxc3 7. exd5 Nxd4 8. bxc3 Nxf3+ 9. Qxf3 Qxd5 10. Qg3 Bd7 {LiveBook: 4 Games} 11. Rd1 $146 (11. Qxg7 $2 Rg8 12. Bc4 (12. c4 $2 Qc6 13. Qxg8+ Nxg8 $19) 12... Rxg7 $19) (11. c4 $14 Qc6 12. Be3) (11. c4 Qc6 12. Be3 a6 13. Rab1 O-O-O {1-0 (36) Brkic,A (2579)-Nasshan,D (2307) Bad Wiessee 2016}) 11... O-O-O $15 12. c4 ({Not} 12. Qxg7 $2 Rhg8 13. Be2 Qe4 $19) 12... Qd4 13. Ba3 Bc6 14. h3 (14. Be2 $142 Qe4 15. Bd3) 14... Ne4 $17 15. Qe3 Z0 (15... Qxe3 $19 16. fxe3 f6) 16. Qg3 $2 {[%mdl 8192] [#]} (16. Qxd4 $15 Rxd4 17. Bb2) 16... Z0 $2 (16... Nxg3 $19 {is more deadly.} 17. Bb4 Ne4) 17. Bxe4 Qxe4 18. Qxg7 $2 {[%mdl 8192]} (18. Rxd8+ $17 Rxd8 19. Qxg7) 18... Qe1+ $4 {[%mdl 40960] An unexpected result.} ({Weaker is} 18... Qxc2 19. Rxd8+ Rxd8 20. Be7 $17 (20. Qxf7 $2 Qc3 21. Rb1 Qxa3 $19)) (18... Rdg8 $19 19. Rd4 Qxc2) 1/2-1/2

[Event "1.FrauenBL 2016-17"]
[Site "Berlin"]
[Date "2017.04.29"]
[Round "10.9"]
[White "Fuchs, Judith"]
[Black "Sieber, Fiona"]
[Result "1-0"]
[WhiteElo "2274"]
[BlackElo "2193"]
[Annotator "TA"]
[PlyCount "93"]
[EventDate "2017.??.??"]
[EventType "team-tourn"]
[EventCountry "GER"]
[SourceTitle "playchess.com"]
[Source "ChessBase"]
[SourceQuality "1"]
[WhiteTeam "Hamburger SK"]
[BlackTeam "SK Lehrte"]

{[%evp 15,93,7,25,17,52,35,52,45,71,59,60,66,50,70,75,65,179,175,173,182,166,172,194,183,201,185,183,177,225,144,145,151,157,138,118,130,160,160,160,155,159,158,236,237,229,235,241,225,1629,1686,1650,910,1650,1624,1624,1624,1624,1610,1602,1602,1602,665,1602,1596,1573,1552,1511,1511,1511,1511,1511,1511,1901,1511,1864,1771,1653,1515,1417,1343]} 1. d4 Nf6 2. Bf4 d5 3. e3 e6 4. Nf3 c5 5. c3 Nc6 6. Nbd2 Be7 7. h3 O-O 8. Bd3 a6 9. Qe2 {D02: Damenbauernspiele} (9. O-O b5 10. dxc5 Bxc5 11. e4 dxe4 12. Nxe4 Be7 13. Nxf6+ Bxf6 14. Qc2 g6 15. Rad1 Qb6 16. Be4 Bb7 17. Rd7 Na5 {½-½ (35) Yilmazyerli,M (2454)-Sredojevic,I (2346) Graz 2017}) 9... cxd4 10. exd4 b5 11. a3 {Weiß steht etwas besser.} Qb6 $146 (11... Bb7 12. Ne5 Bd6 13. O-O Qc7 14. Rae1 Rae8 15. Bg3 Nd7 {1-0 (40) Kjaergaard Jensen,J-Stein,M Hermannen 1997}) 12. O-O Na5 13. b4 Nc4 14. Nb3 Bb7 15. Nc5 Bc6 {[#]} (15... Rfc8 $14) 16. Nxe6 $1 $18 {[%mdl 512]} fxe6 17. Qxe6+ Kh8 {Weiss muss nun ...Tae8 beachten.} 18. Qxe7 Rae8 19. Qc7 {zielt auf Dxb6 ab.} Ne4 20. Rfc1 Qxc7 21. Bxc7 Bd7 22. Bxe4 Rxe4 23. Ne5 Nxe5 24. Bxe5 Re2 25. f3 Rc8 26. Re1 $1 {[%cal Re1e2]} Rxe1+ 27. Rxe1 Rxc3 {[#]} 28. Bxg7+ $1 $16 {[%mdl 4096] Endspiel KTL-KTL} Kg8 {[#]} (28... Kxg7 $16 {war nötig.} 29. Re7+ Kg8) 29. Re7 $1 $18 {[%cal Re7d7]} Bf5 30. Bh6 {Droht stark Tg7+.} Rxa3 31. Rg7+ Kh8 $2 (31... Kf8 32. Rxh7+ Ke8) 32. Rf7 {[%cal Rf7f8] Weiß steht klar auf Gewinn.} Be6 33. Rf8+ Bg8 34. f4 {[%cal Bf3f4,Bf4f5][%mdl 32]} a5 35. f5 {Weiss droht f6 und Matt.} axb4 36. f6 {[%csl Gf6][%cal Rh6g7]} Ra7 37. Bg7+ Rxg7 38. fxg7+ Kxg7 {KT-KL} 39. Rb8 Bf7 40. Rxb5 Kf6 41. Kf2 Bg6 42. Rxd5 b3 43. Rb5 Bc2 44. Ke3 Ke6 45. Kd2 Kd6 46. Kc3 Be4 47. g3 {Precision: Weiß = 93%, Schwarz = 70%.} 1-0

[Event "1.FrauenBL 2016-17"]
[Site "Berlin"]
[Date "2017.04.29"]
[Round "10.9"]
[White "Lauterbach, Ingrid"]
[Black "Ankerst, Milka"]
[Result "1/2-1/2"]
[WhiteElo "2101"]
[BlackElo "2064"]
[Annotator "TA"]
[PlyCount "112"]
[EventDate "2017.??.??"]
[EventType "team-tourn"]
[EventCountry "GER"]
[SourceTitle "playchess.com"]
[Source "ChessBase"]
[SourceQuality "1"]
[WhiteTeam "SF Deizisau"]
[BlackTeam "FC Bayern München"]

{[%evp 14,112,17,8,57,60,59,67,60,56,81,66,75,51,83,85,77,70,85,50,48,43,63,44,50,32,31,0,0,-33,-26,-31,-31,-26,-23,-33,-17,-48,-35,-35,-22,-29,-21,-29,-10,-11,-4,-5,-7,-34,-14,-50,-46,-75,-67,-72,-77,-66,23,-75,-5,-5,-5,-5,-6,-6,-6,-14,-8,-63,-64,-86,-64,-75,-69,-63,0,-81,0,-63,-63,-62,-63,-68,-51,-51,-15,-15,0,0,0,-7,0,0,0,0,0,0,0,0,0]} 1. e4 c5 2. Nf3 Nc6 3. Bb5 g6 4. O-O Bg7 5. c3 Nf6 6. Re1 O-O 7. d4 cxd4 8. cxd4 Qb6 {B31: Sicilian: 2...Nc6 3 Bb5 g6} (8... d5 9. e5 Ne4 10. Bxc6 bxc6 11. Nbd2 Nxd2 12. Bxd2 Qb6 13. Bc3 c5 14. dxc5 Qxc5 15. Rc1 {½-½ (15) Kovalev,A (2515)-Varga,Z (2434) Balatonboglar 2016}) 9. Nc3 {e5 is the strong threat.} d6 10. h3 a6 {White is slightly better.} 11. Bf1 Qd8 12. Bg5 h6 13. Be3 $146 (13. Bf4 d5 14. e5 Ne8 15. Rc1 Nc7 {½-½ (15) Kirnos,E (2303)-Melamed,T (2328) Alushta 1999}) 13... Bd7 14. Qd2 Kh7 15. e5 dxe5 16. d5 Na7 17. Nxe5 Nc8 18. Rac1 Nd6 19. Bc5 Rc8 20. Bxd6 exd6 21. Nxd7 Qxd7 22. g3 h5 23. Rcd1 Rfe8 24. Rxe8 Rxe8 (24... Nxe8 $5 {feels hotter.} 25. Re1 Kg8 26. Ne2 Nf6 27. Nf4 Qc7) 25. Bg2 Re5 26. Re1 Qe8 27. Rxe5 Qxe5 28. Kf1 Nd7 29. f4 Qe8 30. Ne4 Qe7 31. b4 Nf6 32. Qe2 {[#] Black must now prevent Ng5+.} Qc7 33. Ng5+ Kg8 34. Qd2 Qc4+ 35. Kg1 Nd7 (35... Bh6 $15) 36. Bf1 (36. Qe1 $11 Nf8 37. Qe7) 36... Bd4+ (36... Qd4+ $17 37. Qxd4 Bxd4+ 38. Kg2 b5) 37. Kg2 $1 $132 {[%mdl 2048] White puts up resistance (5)} Qc3 ({Of course not} 37... Qxd5+ $6 38. Nf3 $16) 38. Qxc3 Bxc3 {[%mdl 4096] Endgame KBN-KBN} 39. b5 $1 a5 40. Kf2 Kg7 41. h4 ({Better is} 41. Kf3 $11) 41... Nb6 $15 42. Bg2 Bb4 43. Bf3 Na4 44. Be2 $1 Nb6 45. Bf3 Na4 46. Be2 $1 Nc3 47. Bc4 Kf8 48. Kf3 Ke7 49. Ne4 Na4 50. Bb3 {The position is equal.} Nc5 (50... Nb6 $5 {is interesting.} 51. a4 Nd7 52. Ng5 Be1 53. Ne4 f6) 51. Nxc5 Bxc5 $11 {KB-KB} 52. g4 hxg4+ 53. Kxg4 Kf6 54. Bc2 Be3 55. a4 Bf2 56. Bd3 b6 1/2-1/2

[Event "1.FrauenBL 2016-17"]
[Site "Berlin"]
[Date "2017.04.29"]
[Round "10.10"]
[White "Birkholz, Olga"]
[Black "Rapport, Jovana"]
[Result "1/2-1/2"]
[WhiteElo "2082"]
[BlackElo "2334"]
[Annotator "TA"]
[PlyCount "35"]
[EventDate "2017.??.??"]
[EventType "team-tourn"]
[EventCountry "GER"]
[SourceTitle "playchess.com"]
[Source "ChessBase"]
[SourceQuality "1"]
[WhiteTeam "SG Augsburg"]
[BlackTeam "SK Schwäbisch Hall"]

{[%evp 10,35,57,49,83,59,45,26,54,43,100,89,99,75,98,69,195,116,173,152,210,176,154,154,241,239,220,239]} 1. e4 e6 2. d4 d5 3. Nc3 dxe4 4. Nxe4 Nf6 5. Nxf6+ gxf6 6. Nf3 Nc6 {C10: Französische Verteidigung (Rubinstein-Variante)} 7. Be3 (7. Bf4 e5 8. Be3 Bg4 9. Bb5 Qd6 10. c3 e4 11. h3 exf3 12. hxg4 fxg2 13. Rg1 a6 14. Bd3 {1-0 (32) Caruana,F (2782)-Rapport,R (2691) Wijk aan Zee 2014}) 7... Qd6 8. a3 $146 (8. Qd2 Bd7 9. g3 Ne7 10. Bg2 Qa6 11. a3 Nd5 12. Bh6 Bd6 13. Bf1 Bb5 14. Bxb5+ Qxb5 {½-½ (40) Smith,B (2423)-Liu,E (2284) chess.com INT 2017}) 8... Bd7 {Weiß hat minimalen Vorteil.} 9. c4 Ne7 (9... O-O-O $14) 10. Bd3 $16 Bc6 11. b4 a6 12. O-O b6 {[#]} (12... b5 $14) 13. Qe2 (13. d5 $1 $18 {[%cal Rd5c6]} Bb7 14. Re1) 13... Bg7 {[#]} (13... b5 $16 {ist eine bessere Verteidigung.}) 14. d5 $1 $18 {[%mdl 512] Weiß steht deutlich besser.} Rd8 (14... exd5 $16 {war angesagt.} 15. c5 Qd8) 15. Rad1 Ba4 16. Rd2 f5 (16... O-O $16 17. c5 Qd7) 17. c5 Qxd5 18. Bxa6 {Precision: Weiß = 52%, Schwarz = 38%.} 1/2-1/2

[Event "1.FrauenBL 2016-17"]
[Site "Berlin"]
[Date "2017.04.29"]
[Round "11"]
[White "Muetsch, Annmarie"]
[Black "Roos, Kseniya"]
[Result "1-0"]
[WhiteElo "2108"]
[BlackElo "2205"]
[Annotator "NA"]
[PlyCount "69"]
[EventDate "2017.??.??"]
[EventType "team-tourn"]
[EventCountry "GER"]
[SourceTitle "playchess.com"]
[Source "ChessBase"]
[SourceQuality "1"]
[WhiteTeam "SK Schwäbisch Hall"]
[BlackTeam "FC Bayern München"]
[TimeControl "40/6000+30:3000+30"]

1. e4 {[%emt 1:30:27]} g6 {[%emt 1:30:06]} 2. d4 {[%emt 1:30:06]} Bg7 {[%emt 1:30:27]} 3. Nc3 {[%emt 1:31:05]} c6 {[%emt 1:30:46]} 4. f4 {[%emt 1:31:11]} d5 {[%emt 1:25:52]} 5. e5 {[%emt 1:28:03]} h5 {[%emt 1:28:03]} 6. Bd3 {[%emt 1:26:11]} Nh6 {[%emt 1:25:08]} 7. Nf3 {[%emt 1:25:07] B15: Caro-Kann: 3 Nc3: 3...g6 and 3...dxe4 4 Nxe4 Nf6 5 Nxf6+ exf6} Nf5 {[%emt 1:16:52]} 8. O-O {[%emt 1:20:54]} b6 $146 {[%emt 1:20:54]} (8... Qb6 9. Na4 Qa5 10. c3 e6 11. Ng5 Nd7 12. Bd2 Qc7 13. Bxf5 gxf5 14. Rf3 Nf8 {1-0 (23) Rios,E (2150)-Li Torres,M (2380) Cienfuegos 1996}) 9. Ne2 {[%emt 1:17:29]} O-O {[%emt 0:57:51]} 10. Bxf5 {[%emt 0:57:51]} Bxf5 {[%emt 1:11:30]} 11. Ng3 {[%emt 0:55:26]} e6 {[%emt 0:46:13]} 12. Nxf5 {[%emt 0:46:13]} exf5 {[%emt 0:46:21]} 13. Re1 {[%emt 0:46:21]} Re8 {[%emt 0:42:12]} 14. h3 {[%emt 0:57:43]} Nd7 {[%emt 0:41:00]} 15. Nh2 {[%emt 0:41:00]} Nf8 {[%emt 0:29:53]} 16. Be3 {[%emt 0:40:16]} Ne6 {[%emt 0:29:54]} 17. c3 {[%emt 0:36:30]} Rc8 {[%emt 0:29:57]} 18. Qf3 {[%emt 0:33:39]} Qh4 {[%emt 0:24:11]} 19. Re2 {[%emt 0:29:04]} Bh6 {[%emt 0:22:18]} 20. g4 {[%emt 0:28:49]} Kh7 {[%emt 0:15:20]} 21. g5 {[%emt 0:25:06]} Bf8 {[%emt 0:08:15]} 22. Rf1 {[%emt 0:20:08]} c5 {[%emt 0:07:02] [#]} 23. Qg2 $1 {[%emt 0:15:55]} cxd4 $18 {[%emt 0:06:39]} 24. cxd4 {[%emt 0:16:19]} Rc4 {[%emt 0:16:19]} 25. Nf3 {[%emt 0:16:21]} Nxf4 {[%emt 0:05:59]} 26. Nxh4 {[%emt 0:16:45]} Nxg2 {[%emt 0:06:10]} 27. Nxg2 {[%emt 0:17:02]} Rec8 {[%emt 0:05:59]} 28. Nf4 {[%emt 0:17:23]} Rc2 {[%emt 0:04:41]} 29. Rff2 {[%emt 0:04:41]} R2c4 {[%emt 0:17:37]} 30. Nxd5 {[%emt 0:17:44]} b5 {[%emt 0:01:57]} 31. Nf6+ {[%emt 0:17:51]} Kg7 {[%emt 0:02:24]} 32. d5 {[%emt 0:02:24]} Bb4 {[%emt 0:01:44]} 33. d6 {[%emt 0:17:19]} a6 {[%emt 0:00:38]} 34. d7 {[%emt 0:17:35]} Rd8 {[%emt 0:01:07]} 35. Bb6 {[%emt 0:17:55]} 1-0

[Event "1.FrauenBL 2016-17"]
[Site "Berlin"]
[Date "2017.04.29"]
[Round "11"]
[White "Brandt, Carina"]
[Black "Schulze, Lara"]
[Result "0-1"]
[WhiteElo "2045"]
[BlackElo "2157"]
[Annotator "NA"]
[PlyCount "76"]
[EventDate "2017.??.??"]
[EventType "team-tourn"]
[EventCountry "GER"]
[SourceTitle "playchess.com"]
[Source "ChessBase"]
[SourceQuality "1"]
[WhiteTeam "TuRa Harksheide"]
[BlackTeam "SK Lehrte"]
[TimeControl "40/6000+30:3000+30"]

1. e4 {[%emt 1:30:30]} e6 {[%emt 1:30:29]} 2. d4 {[%emt 1:30:46]} d5 {[%emt 1:30:56]} 3. Nc3 {[%emt 1:31:08]} Bb4 {[%emt 1:31:22]} 4. e5 {[%emt 1:31:30]} c5 {[%emt 1:31:47]} 5. a3 {[%emt 1:31:47]} Bxc3+ {[%emt 1:32:14]} 6. bxc3 {[%emt 1:32:17]} Ne7 {[%emt 1:32:17]} 7. Qg4 {[%emt 1:32:38]} Qc7 {[%emt 1:32:40]} 8. Qxg7 {[%emt 1:33:01]} Rg8 {[%emt 1:33:01]} 9. Qxh7 {[%emt 1:33:28]} cxd4 {[%emt 1:33:56]} 10. Ne2 {[%emt 1:33:56]} Nbc6 {[%emt 1:34:19]} 11. f4 {[%emt 1:34:19]} dxc3 {[%emt 1:34:38]} 12. Qd3 {[%emt 1:34:38]} Bd7 {[%emt 1:34:59]} 13. Rg1 {[%emt 1:31:09] C18: French: 3 Nc3 Bb4: Main line: 7 h4 and 7 Qg4} (13. Be3 Na5 14. g3 Nf5 15. Bf2 Nc4 16. Bh3 d4 17. Bxf5 exf5 18. Bxd4 O-O-O 19. Qxc3 b6 20. Kf2 Kb8 21. a4 {1-0 (55) Duda,J (2603)-Vitiugov,N (2738) Wroclaw 2014}) 13... O-O-O {[%emt 1:29:40]} 14. Nxc3 {[%emt 1:22:43]} Qb6 {[%emt 1:22:43]} 15. Rh1 $146 {[%emt 1:14:54]} (15. Be3 d4 16. Rb1 Qa5 17. Qb5 Qxb5 18. Nxb5 dxe3 19. Nd6+ Kb8 20. Nxb7 Kc7 21. Nxd8 Rxd8 {0-1 (35) Nardelli,M (2132)-Pulito,A (2254) Nichelino 2008}) 15... a6 {[%emt 1:06:27]} 16. Bd2 {[%emt 1:06:27]} Na5 {[%emt 1:01:57]} 17. Rb1 {[%emt 1:01:57]} Qc7 $1 {[%emt 0:57:25]} 18. Qf3 {[%emt 0:36:13]} Bc6 {[%emt 0:44:01]} ({Not} 18... d4 19. Ne4 $16) 19. Bd3 {[%emt 0:34:48]} Nc4 {[%emt 0:42:45]} 20. Qe2 {[%emt 0:32:43]} Nf5 {[%emt 0:39:26]} ({Much less strong is} 20... Nxa3 21. Rb3 Nc4 22. Rg1 $17) 21. Bxf5 {[%emt 0:28:56]} exf5 {[%emt 0:39:48]} 22. Rg1 {[%emt 0:28:26]} Nxa3 {[%emt 0:36:35]} 23. Rb2 {[%emt 0:36:35]} d4 {[%emt 0:35:24]} 24. Na2 {[%emt 0:18:26]} Bb5 {[%emt 0:26:22]} 25. Qd1 {[%emt 0:11:51]} Ba4 {[%emt 0:20:10]} 26. Bb4 {[%emt 0:20:10]} (26. Qc1 $142 Nxc2+ 27. Kf2) 26... Nc4 {[%emt 0:13:35]} 27. Qc1 {[%emt 0:09:03]} Nxb2 {[%emt 0:07:26]} 28. Qxb2 {[%emt 0:09:30]} Qc6 {[%emt 0:06:26]} 29. c4 {[%emt 0:05:19]} dxc3 {[%emt 0:03:33]} 30. Nxc3 {[%emt 0:05:34]} Kb8 $19 {[%emt 0:00:57]} 31. Bd6+ {[%emt 0:04:42]} Ka8 {[%emt 0:01:03]} 32. Kf2 {[%emt 0:04:27]} Qc4 {[%emt 0:04:27]} 33. Rb1 {[%emt 0:03:43]} Qxf4+ {[%emt 0:00:57]} 34. Kg1 {[%emt 0:04:06]} Bc6 {[%emt 0:00:55]} 35. g3 {[%emt 0:02:16]} Qe3+ {[%emt 0:00:47]} 36. Kf1 {[%emt 0:02:44]} f4 {[%emt 0:00:17]} 37. Nb5 {[%emt 0:01:23]} Qd3+ {[%emt 0:00:13]} 38. Ke1 {[%emt 0:01:19]} Bxb5 {[%emt 0:00:18]} 0-1

[Event "1.FrauenBL 2016-17"]
[Site "Berlin"]
[Date "2017.04.29"]
[Round "11.1"]
[White "Gunina, Valentina"]
[Black "Kosteniuk, Alexandra"]
[Result "0-1"]
[WhiteElo "2509"]
[BlackElo "2541"]
[Annotator "TA"]
[PlyCount "104"]
[EventDate "2017.??.??"]
[EventType "team-tourn"]
[EventCountry "GER"]
[SourceTitle "playchess.com"]
[Source "ChessBase"]
[SourceQuality "1"]
[WhiteTeam "SC Bad Königshofen"]
[BlackTeam "OSG Baden-Baden"]

{[%evp 15,104,13,27,15,71,63,79,85,86,64,64,62,59,47,52,19,22,22,30,45,43,35,25,19,20,21,28,20,27,6,22,27,33,30,26,0,31,30,35,28,40,17,36,0,15,0,0,0,7,6,42,29,60,63,67,72,104,28,32,31,52,32,71,12,6,0,0,-472,-21,-754,-589,-589,-577,-1718,-1382,-1769,-1742,-1635,-1455,-1231,-406,-386,-383,-518,-391,-391,-372,-29974,-29974,-29986,-29987]} 1. d4 Nf6 2. c4 e6 3. Nf3 d5 4. g3 dxc4 5. Bg2 a6 6. O-O Nc6 7. Bg5 {E04: Open Catalan: 5 Nf3} Be7 8. e3 O-O {LiveBook: 11 Games} 9. Qe2 {White has an edge.} Nb4 $146 (9... Na5 $11) ({Predecessor (2):} 9... h6 10. Bxf6 Bxf6 11. Rd1 Na5 12. Nfd2 c5 13. Na3 cxd4 14. exd4 Bd7 15. Naxc4 Bb5 16. a4 Bxc4 17. Nxc4 Nxc4 18. Qxc4 Rc8 19. Qb4 a5 20. Qd2 Qb6 {½-½ (20) Lenderman,A (2621)-Azarov,S (2597) Dayton 2016}) 10. Nbd2 b5 11. Ne5 Nfd5 12. Bxe7 Qxe7 13. a3 $1 {[%cal Ra3b4]} f6 14. Nexc4 {Black must now prevent Na5.} ({But not} 14. axb4 fxe5 15. dxe5 Rb8 $11) 14... Nc6 15. e4 Nxd4 16. Qd3 bxc4 17. Qxd4 Nb6 18. Nxc4 e5 19. Qc3 Nxc4 $1 20. Qxc4+ Be6 21. Qc6 a5 22. Rac1 Ra7 23. f4 Bd7 24. Qd5+ Be6 25. Qc6 Bd7 26. Qc4+ Be6 27. Qc3 exf4 28. gxf4 Qd6 29. Rcd1 (29. e5 $5 {[%cal Re5d6]} Qb6+ 30. Kh1 $14) 29... Qb6+ 30. Kh1 c5 31. e5 {Threatens to win with Rd6.} fxe5 32. Qxe5 {Hoping for Rd6.} Bc4 33. Rd6 $36 {[%mdl 2048] White is more active.} Qc7 34. Rc1 Bb3 35. Rxc5 Qf7 36. Qc3 (36. Rxa5 $16 Rxa5 37. Qxa5) 36... a4 $11 37. Rd4 Re7 38. h3 Qg6 39. Rg5 (39. Rc8 $16) 39... Qf6 40. Be4 Rfe8 41. Qd3 $2 {[%mdl 8192] [#]} (41. Rg3 $11 {and White stays safe.}) 41... Kh8 $2 ({Better is} 41... Rxe4 $1 $19 {[%mdl 512]} 42. Rxe4 (42. Qxe4 Rxe4) 42... Qc6) 42. Rg4 $2 {[%mdl 8192]} (42. Re5 $11) 42... Rxe4 43. Rxe4 Qc6 44. f5 {Strongly threatening Kh2.} Bd5 45. Kg1 Bxe4 46. Qd4 Qc7 47. f6 Bg6 (47... h5 $142 48. fxg7+ Kg8 49. Rxe4 Qg3+ 50. Kf1 Qf3+ 51. Kg1 Rxe4) 48. fxg7+ Kg8 49. Kg2 Re2+ 50. Kf3 Rh2 51. Rh4 $2 (51. Qc4+ $19 Qxc4 52. Rxc4) 51... Qb7+ 52. Ke3 Qe7+ {Precision: White = 34%, Black = 80%.} 0-1